MARC details
| 000 -LEADER |
| fixed length control field |
04127cam a2200745 i 4500 |
| 001 - CONTROL NUMBER |
| control field |
ocn897042264 |
| 003 - CONTROL NUMBER IDENTIFIER |
| control field |
OCoLC |
| 005 - DATE AND TIME OF LATEST TRANSACTION |
| control field |
20220324114838.0 |
| 008 - FIXED-LENGTH DATA ELEMENTS--GENERAL INFORMATION |
| fixed length control field |
141118s2015 enk 001 0 eng |
| 010 ## - LIBRARY OF CONGRESS CONTROL NUMBER |
| LC control number |
2014045464 |
| 015 ## - NATIONAL BIBLIOGRAPHY NUMBER |
| National bibliography number |
GBB554816 |
| Source |
bnb |
| 016 7# - NATIONAL BIBLIOGRAPHIC AGENCY CONTROL NUMBER |
| Record control number |
017171918 |
| Source |
Uk |
| 020 ## - INTERNATIONAL STANDARD BOOK NUMBER |
| International Standard Book Number |
9781138825604 |
| Qualifying information |
(hbk.) |
| 020 ## - INTERNATIONAL STANDARD BOOK NUMBER |
| International Standard Book Number |
1138825603 |
| Qualifying information |
(hbk.) |
| 020 ## - INTERNATIONAL STANDARD BOOK NUMBER |
| Cancelled/invalid ISBN |
9781315736303 |
| Qualifying information |
(ebk.) |
| 020 ## - INTERNATIONAL STANDARD BOOK NUMBER |
| International Standard Book Number |
1315736306 |
| 020 ## - INTERNATIONAL STANDARD BOOK NUMBER |
| International Standard Book Number |
9781315736303 |
| 020 ## - INTERNATIONAL STANDARD BOOK NUMBER |
| Cancelled/invalid ISBN |
9781317566564 (ePub ebook) |
| 020 ## - INTERNATIONAL STANDARD BOOK NUMBER |
| Cancelled/invalid ISBN |
9781317566571 (PDF ebook) |
| 020 ## - INTERNATIONAL STANDARD BOOK NUMBER |
| Cancelled/invalid ISBN |
9781317566557 (Mobipocket ebook) |
| 029 1# - (OCLC) |
| OCLC library identifier |
AU@ |
| System control number |
000053856591 |
| 029 1# - (OCLC) |
| OCLC library identifier |
CHSLU |
| System control number |
001192057 |
| 029 1# - (OCLC) |
| OCLC library identifier |
CHVBK |
| System control number |
335378773 |
| 029 1# - (OCLC) |
| OCLC library identifier |
NLGGC |
| System control number |
406578893 |
| 029 1# - (OCLC) |
| OCLC library identifier |
UKMGB |
| System control number |
017171918 |
| 029 1# - (OCLC) |
| OCLC library identifier |
AU@ |
| System control number |
000063717318 |
| 035 ## - SYSTEM CONTROL NUMBER |
| System control number |
(OCoLC)897042264 |
| 040 ## - CATALOGING SOURCE |
| Original cataloging agency |
DLC |
| Language of cataloging |
eng |
| Description conventions |
rda |
| Transcribing agency |
DLC |
| Modifying agency |
OCLCF |
| -- |
YDXCP |
| -- |
CDX |
| -- |
CHVBK |
| -- |
UV0 |
| -- |
RCJ |
| -- |
OCLCQ |
| -- |
UKMGB |
| -- |
OCLCQ |
| -- |
NLVRD |
| -- |
OCLCO |
| 042 ## - AUTHENTICATION CODE |
| Authentication code |
pcc |
| 043 ## - GEOGRAPHIC AREA CODE |
| Geographic area code |
e------ |
| -- |
e-uk-en |
| 049 ## - LOCAL HOLDINGS (OCLC) |
| Holding library |
TZAA |
| 050 00 - LIBRARY OF CONGRESS CALL NUMBER |
| Classification number |
KD681 |
| Item number |
.B75 2015 |
| 082 00 - DEWEY DECIMAL CLASSIFICATION NUMBER |
| Classification number |
347.42/012 |
| Edition number |
23 |
| 084 ## - OTHER CLASSIFICATION NUMBER |
| Classification number |
KN353 BRI |
| Source of number |
moys |
| 100 1# - MAIN ENTRY--PERSONAL NAME |
| Personal name |
Briggs, Adrian, |
| Relator term |
author. |
| 245 10 - TITLE STATEMENT |
| Title |
Civil jurisdiction and judgments / |
| Statement of responsibility, etc |
by Adrian Briggs, Professor of Private International Law, Oxford University, Sir Richard Gozney Fellow and Tutor in Law, St Edmund Hall, Oxford, Barrister, Blackstone Chambers, Temple. |
| 250 ## - EDITION STATEMENT |
| Edition statement |
Sixth edition. |
| 300 ## - PHYSICAL DESCRIPTION |
| Extent |
xc, 897 pages ; |
| Dimensions |
26 cm. |
| 490 1# - SERIES STATEMENT |
| Series statement |
Lloyd's commercial law library |
| 500 ## - GENERAL NOTE |
| General note |
Includes index. |
| 504 ## - BIBLIOGRAPHY, ETC. NOTE |
| Bibliography, etc |
Includes bibliographical references and index. |
| 505 0# - FORMATTED CONTENTS NOTE |
| Formatted contents note |
Introduction -- Jurisdiction under the Brussels I regulation -- Jurisdiction under the Lugano II convention -- The common law rules of jurisdiction -- Procedural issues relating to jurisdiction -- Interim remedies, provisional measures and ancillary orders -- Recognition and enforcement of foreign judgments -- Arbitration. |
| 520 ## - SUMMARY, ETC. |
| Summary, etc |
"[This book] states, analyses, illuminates and evaluates the law of civil jurisdiction and the enforcement of foreign judgments in English law, with this new edition taking into account the implications of the new Brussels I Regulation recast, Regulation (EU) 1215/2012, as well as the great number of developments in the case law which have taken place since 2009. This book looks in detail at: the jurisdictional rules put in place by the (recast) Brussels I Regulation; the common law rules of jurisdiction; the principles according to which that jurisdiction will or will not be exercised; the extent to which proceedings before a foreign court may be assisted or impeded; obtaining interim and interlocutory relief; and recognition and enforcement of foreign judgments."-- |
| 650 #0 - SUBJECT ADDED ENTRY--TOPICAL TERM |
| Topical term or geographic name as entry element |
Conflict of laws |
| General subdivision |
Jurisdiction |
| Geographic subdivision |
England. |
| 650 #0 - SUBJECT ADDED ENTRY--TOPICAL TERM |
| Topical term or geographic name as entry element |
Conflict of laws |
| General subdivision |
Jurisdiction |
| Geographic subdivision |
Europe. |
| 650 #7 - SUBJECT ADDED ENTRY--TOPICAL TERM |
| Topical term or geographic name as entry element |
Conflict of laws |
| General subdivision |
Jurisdiction. |
| Source of heading or term |
fast |
| 9 (RLIN) |
68 |
| 650 #7 - SUBJECT ADDED ENTRY--TOPICAL TERM |
| Topical term or geographic name as entry element |
Privatrecht |
| Source of heading or term |
gnd |
| 650 #7 - SUBJECT ADDED ENTRY--TOPICAL TERM |
| Topical term or geographic name as entry element |
Gerichtsbarkeit |
| Source of heading or term |
gnd |
| 9 (RLIN) |
79 |
| 650 #7 - SUBJECT ADDED ENTRY--TOPICAL TERM |
| Topical term or geographic name as entry element |
Internationales Prozessrecht |
| Source of heading or term |
gnd |
| 650 #7 - SUBJECT ADDED ENTRY--TOPICAL TERM |
| Topical term or geographic name as entry element |
Great Britain. |
| Source of heading or term |
pplt |
| 650 #7 - SUBJECT ADDED ENTRY--TOPICAL TERM |
| Topical term or geographic name as entry element |
European Union. |
| Source of heading or term |
pplt |
| 650 #7 - SUBJECT ADDED ENTRY--TOPICAL TERM |
| Topical term or geographic name as entry element |
Civil jurisdiction. |
| Source of heading or term |
pplt |
| 650 #7 - SUBJECT ADDED ENTRY--TOPICAL TERM |
| Topical term or geographic name as entry element |
Recognition and enforcement of foreign judgments. |
| Source of heading or term |
pplt |
| 650 #7 - SUBJECT ADDED ENTRY--TOPICAL TERM |
| Topical term or geographic name as entry element |
Council Regulation (EC) No 44/2001 on jurisdiction and the recognition and enforcement of judgments in civil and commercial matters [Brussels, 22 December 2000]. |
| Source of heading or term |
pplt |
| 650 #7 - SUBJECT ADDED ENTRY--TOPICAL TERM |
| Topical term or geographic name as entry element |
Convention on Jurisdiction and the Enforcement of Judgments in Civil and Commercial Matters (Brussels, 27 September 1968). |
| Source of heading or term |
pplt |
| 650 #7 - SUBJECT ADDED ENTRY--TOPICAL TERM |
| Topical term or geographic name as entry element |
Convention on Jurisdiction and the Enforcement of Judgments in Civil and Commercial Matters (Lugano, 16 September 1988). |
| Source of heading or term |
pplt |
| 650 #7 - SUBJECT ADDED ENTRY--TOPICAL TERM |
| Topical term or geographic name as entry element |
Council and European Parliament Regulation No 1215/2012 on jurisdiction and the recognition and enforcement of judgments in civil and commercial matters (Brussels, 12 December 2012). |
| Source of heading or term |
pplt |
| 650 #7 - SUBJECT ADDED ENTRY--TOPICAL TERM |
| Topical term or geographic name as entry element |
Arbitration. |
| Source of heading or term |
pplt |
| 651 #7 - SUBJECT ADDED ENTRY--GEOGRAPHIC NAME |
| Geographic name |
England. |
| Source of heading or term |
fast |
| 9 (RLIN) |
14506 |
| 651 #7 - SUBJECT ADDED ENTRY--GEOGRAPHIC NAME |
| Geographic name |
Europe. |
| Source of heading or term |
fast |
| 651 #7 - SUBJECT ADDED ENTRY--GEOGRAPHIC NAME |
| Geographic name |
Gro�britannien |
| Source of heading or term |
gnd |
| 776 08 - ADDITIONAL PHYSICAL FORM ENTRY |
| Display text |
ebook version: |
| International Standard Book Number |
9781317566564 |
| 830 #0 - SERIES ADDED ENTRY--UNIFORM TITLE |
| Uniform title |
Lloyd's commercial law library. |
| 942 ## - ADDED ENTRY ELEMENTS (KOHA) |
| Source of classification or shelving scheme |
Library of Congress Classification |
| Koha item type |
Books |